<?xml version="1.0" encoding="UTF-8"?>
<record
    xmlns:xsi="http://www.w3.org/2001/XMLSchema-instance"
    xsi:schemaLocation="http://www.loc.gov/MARC21/slim http://www.loc.gov/standards/marcxml/schema/MARC21slim.xsd"
    xmlns="http://www.loc.gov/MARC21/slim">

  <leader>01212nam a2200157Ia 4500</leader>
  <controlfield tag="008">210323s9999||||xx |||||||||||||| ||und||</controlfield>
  <datafield tag="040" ind1=" " ind2=" ">
    <subfield code="c">STCPL</subfield>
  </datafield>
  <datafield tag="041" ind1=" " ind2=" ">
    <subfield code="h">MAL</subfield>
  </datafield>
  <datafield tag="082" ind1=" " ind2=" ">
    <subfield code="a">549.954</subfield>
    <subfield code="b">WAD-I</subfield>
  </datafield>
  <datafield tag="100" ind1=" " ind2=" ">
    <subfield code="a">Wadia Meher D.N.</subfield>
  </datafield>
  <datafield tag="245" ind1=" " ind2="0">
    <subfield code="a">Indiayile khanijangal</subfield>
    <subfield code="h">&#xD07;&#xD28;&#xD4D;&#xD24;&#xD4D;&#xD2F;&#xD2F;&#xD3F;&#xD32;&#xD46; &#xD16;&#xD28;&#xD3F;&#xD1C;&#xD19;&#xD4D;&#xD19;&#xD33;&#xD4D;&#x200D;</subfield>
  </datafield>
  <datafield tag="260" ind1=" " ind2=" ">
    <subfield code="a">Thiruvananthapuram</subfield>
    <subfield code="b">Kerala Bhasha Institute</subfield>
    <subfield code="c">1974</subfield>
  </datafield>
  <datafield tag="300" ind1=" " ind2=" ">
    <subfield code="a">1-xiii, 1-211</subfield>
  </datafield>
  <datafield tag="650" ind1=" " ind2=" ">
    <subfield code="a">General&#xD1C;&#xD40;&#xD35;&#xD28;&#xD4D;&#x200D;&#xD31;&#xD46; &#xD2A;&#xD3E;&#xD30;&#xD2E;&#xD4D;&#xD2A;&#xD30;&#xD4D;&#xD2F;&#xD35;&#xD41;&#xD02; &#xD24;&#xD41;&#xD1F;&#xD30;&#xD4D;&#x200D;&#xD1A;&#xD4D;&#xD1A;&#xD2F;&#xD41;&#xD02;, &#xD2A;&#xD3E;&#xD30;&#xD2E;&#xD4D;&#xD2A;&#xD30;&#xD4D;&#xD2F;&#xD35;&#xD41;&#xD02; &#xD2A;&#xD30;&#xD3F;&#xD38;&#xD4D;&#xD25;&#xD3F;&#xD24;&#xD3F;&#xD2F;&#xD41;&#xD02;, &#xD2E;&#xD46;&#xD28;&#xD4D;&#x200D;&#xD21;&#xD32;&#xD3F;&#xD28;&#xD4D;&#x200D;&#xD31;&#xD46; &#xD2A;&#xD43;&#xD25;&#xD15;&#xD4D;&#xD15;&#xD30;&#xD23;&#xD28;&#xD3F;&#xD2F;&#xD2E;&#xD02;, &#xD1C;&#xD40;&#xD28;&#xD41;&#xD15;&#xD33;&#xD41;&#xD1F;&#xD46;&#xD2F;&#xD41;&#xD02; &#xD15;&#xD4D;&#xD30;&#xD4B;&#xD2E;&#xD38;&#xD19;&#xD4D;&#xD19;&#xD33;&#xD41;&#xD1F;&#xD46;&#xD2F;&#xD41;&#xD02; &#xD2A;&#xD43;&#xD25;&#xD15;&#xD4D;&#xD15;&#xD30;&#xD23;&#xD02;, &#xD1C;&#xD40;&#xD28;&#xD41;&#xD15;&#xD33;&#xD41;&#xD1F;&#xD46; &#xD2A;&#xD4D;&#xD30;&#xD15;&#xD3E;&#xD36;&#xD28;&#xD35;&#xD41;&#xD02; &#xD05;&#xD28;&#xD4D;&#xD2F;&#xD4B;&#xD28;&#xD4D;&#xD2F;&#xD15;&#xD4D;&#xD30;&#xD3F;&#xD2F;&#xD2F;&#xD41;&#xD02;, &#xD2C;&#xD39;&#xD41;&#xD18;&#xD1F;&#xD15;&#xD2A;&#xD3E;&#xD30;&#xD2E;&#xD4D;&#xD2A;&#xD30;&#xD4D;&#xD2F;&#xD02;, &#xD2A;&#xD4D;&#xD30;&#xD47;&#xD30;&#xD3F;&#xD24; &#xD2E;&#xD4D;&#xD2F;&#xD42;&#xD1F;&#xD4D;&#xD1F;&#xD47;&#xD37;&#xD28;&#xD4D;&#x200D;, &#xD2A;&#xD4D;&#xD30;&#xD47;&#xD30;&#xD3F;&#xD24; &#xD2E;&#xD4D;&#xD2F;&#xD42;&#xD1F;&#xD4D;&#xD1F;&#xD47;&#xD37;&#xD28;&#xD41;&#xD15;&#xD33;&#xD4D;&#x200D;, &#xD1C;&#xD40;&#xD28;&#xD41;&#xD15;&#xD33;&#xD4D;&#x200D; &#xD38;&#xD2E;&#xD37;&#xD4D;&#xD1F;&#xD3F;&#xD15;&#xD33;&#xD3F;&#xD32;&#xD4D;&#x200D;, &#xD32;&#xD3F;&#xD02;&#xD17;&#xD28;&#xD3F;&#xD30;&#xD4D;&#x200D;&#xD23;&#xD2F;&#xD02;</subfield>
  </datafield>
  <datafield tag="942" ind1=" " ind2=" ">
    <subfield code="c">BK</subfield>
  </datafield>
  <datafield tag="999" ind1=" " ind2=" ">
    <subfield code="c">31942</subfield>
    <subfield code="d">31942</subfield>
  </datafield>
  <datafield tag="952" ind1=" " ind2=" ">
    <subfield code="0">0</subfield>
    <subfield code="1">0</subfield>
    <subfield code="4">0</subfield>
    <subfield code="7">0</subfield>
    <subfield code="a">STCPL</subfield>
    <subfield code="b">STCPL</subfield>
    <subfield code="c">D 3 A</subfield>
    <subfield code="d">2021-07-10</subfield>
    <subfield code="g">8.00</subfield>
    <subfield code="l">0</subfield>
    <subfield code="o">549.954 WAD-I</subfield>
    <subfield code="p">44551</subfield>
    <subfield code="r">2021-07-10 00:00:00</subfield>
    <subfield code="w">2021-07-10</subfield>
    <subfield code="y">BK</subfield>
  </datafield>
</record>
